Manual do ITCMD Imposto sobre Transmissô "Causa Mortis" e Doaȯ̂ de Quaisquer Bens ou Direitos /

Bibliographic Details
Main Author: Moreira Peres, Eduardo
Other Authors: Valentin, Jefferson
Format: eBook
Language:Portuguese
Published: San Pablo: Letras Jurídicas Editora, 2017
Subjects:
Online Access:Acceso restringido

MARC

LEADER 00000nam a22000007a 4500
005 20200723230753.0
007 cr|||| ||||
008 200723s2017 br |||||s|||| 00||0 por d
020 |a 978-85-8248-108-0 
035 |a 31870 
040 |a vLex 
090 |c 10702  |d 10702 
100 1 |a Moreira Peres, Eduardo 
245 1 0 |a Manual do ITCMD  |h [Recurso electrn̤ico] :  |b Imposto sobre Transmissô "Causa Mortis" e Doaȯ̂ de Quaisquer Bens ou Direitos /  |c Eduardo Moreira Peres, Jefferson Valentin 
256 |a Servicio en ln̕ea 
260 |a San Pablo:  |b Letras Jurídicas Editora,  |c 2017 
300 |a 1 recurso electrn̤ico 
500 |a Esta obra nasceu da percepȯ̂ dos autores de que os profissionais envolvidos com o lanȧmento e o recolhimento do Imposto sobre Transmissô Causa Mortis e Doaȯ̂ de Quaisquer Bens ou Direitos - ITCMD necessitavam de uma obra de refern̊cia no assunto. Destina-se, portanto, a Advogados, Tabeliês, Procuradores de Estado, Membros do Ministřio Pb︢lico e do Poder Judicir̀io, profissionais da r̀ea de fiscalizaȯ̂, profissionais da r̀ea contb̀il que trabalhem com planejamento sucessr̤io, estudantes, contribuintes, enfim, todo aquele que, em algum momento, se depare com o ITCMD. 
506 1 |a Disponible solo en los productos indicados  |d vLex Global  |d vLex Global (Academic Edition, excluding Law Schools)  |d vLex Global (U.S. Academic Edition, Law Schools)  |d vLex Global (U.S. Academic Edition, excluding Law Schools)  |d vLex Global (Academic Edition, Law Schools) 
650 0 4 |a Derecho Tributario  |z Brasil 
700 1 |a Valentin, Jefferson 
740 0 |a vLex Libros (Servicio en ln̕ea) 
856 4 0 |u http://vlex.com/source/manual-do-itcmd-imposto-sobre-transmiss-o-causa-mortis-e-doa-o-de-quaisquer-bens-ou-direitos-31870  |z Acceso restringido 
942 |c BOOK 
999 0 |a Tax Law